<?xml version="1.0" encoding="UTF-8"?>
<marc:record xmlns:marc="http://www.loc.gov/MARC21/slim">
   <marc:leader>00000nam a2200000 a 4500</marc:leader>
   <marc:datafield ind1="1" ind2=" " tag="100">
      <marc:subfield code="a">Ploberger, Karl</marc:subfield>
      <marc:subfield code="4">aut</marc:subfield>
      <marc:subfield code="e">Verfasser/-in</marc:subfield>
   </marc:datafield>
   <marc:datafield ind1=" " ind2=" " tag="653">
      <marc:subfield code="a">bäuerliche Sozialversicherung</marc:subfield>
   </marc:datafield>
   <marc:datafield ind1=" " ind2=" " tag="653">
      <marc:subfield code="a">Geschichte der Bauern</marc:subfield>
   </marc:datafield>
   <marc:datafield ind1=" " ind2=" " tag="653">
      <marc:subfield code="a">Biografie Johann Haider</marc:subfield>
   </marc:datafield>
   <marc:datafield ind1=" " ind2=" " tag="653">
      <marc:subfield code="a">Österreich</marc:subfield>
   </marc:datafield>
   <marc:datafield ind1=" " ind2=" " tag="653">
      <marc:subfield code="a">Sozialpolitik</marc:subfield>
   </marc:datafield>
   <marc:datafield ind1=" " ind2=" " tag="653">
      <marc:subfield code="a">Sozialgeschichte</marc:subfield>
   </marc:datafield>
   <marc:datafield ind1=" " ind2=" " tag="653">
      <marc:subfield code="a">Groß-Gerungs</marc:subfield>
   </marc:datafield>
   <marc:datafield ind1=" " ind2=" " tag="653">
      <marc:subfield code="a">bäuerliche Sozialversicherung Österreich</marc:subfield>
   </marc:datafield>
   <marc:datafield ind1=" " ind2=" " tag="653">
      <marc:subfield code="a">Johann Haider</marc:subfield>
   </marc:datafield>
   <marc:datafield ind1=" " ind2=" " tag="653">
      <marc:subfield code="a">Softcover / Ratgeber/Natur</marc:subfield>
   </marc:datafield>
   <marc:datafield ind1="0" ind2="0" tag="245">
      <marc:subfield code="a">Gartenlust und Küchenzauber für intelligente Faule</marc:subfield>
   </marc:datafield>
   <marc:datafield ind1="0" ind2="0" tag="245">
      <marc:subfield code="b">Die bäuerliche Sozialversicherung. Die Stadtgemeinde Groß-Gerungs</marc:subfield>
   </marc:datafield>
   <marc:datafield ind1="0" ind2="0" tag="245">
      <marc:subfield code="c">Josef Kandlhofer, Günther Steiner</marc:subfield>
   </marc:datafield>
   <marc:datafield ind1=" " ind2="1" tag="264">
      <marc:subfield code="a">München</marc:subfield>
      <marc:subfield code="b">Cadmos Verlag</marc:subfield>
      <marc:subfield code="c">2022</marc:subfield>
   </marc:datafield>
   <marc:datafield ind1="1" ind2=" " tag="520">
      <marc:subfield code="a">Angaben aus der Verlagsmeldung

Der stille Macher: Johann Haider und seine Mission : Die bäuerliche Sozialversicherung. Die Stadtgemeinde Groß-Gerungs / von Josef Kandlhofer, Günther Steiner

Dieses Buch bietet erstmals eine detailreiche Biographie eines der bedeutendsten Bauern- und Sozialpolitikers aus dem niederösterreichischen Waldviertel, dessen Lebensweg und Wirken einer breiteren Öffentlichkeit bisher kaum bekannt ist.
Zugleich schildert es die historische Entwicklung der bäuerlichen Sozialversicherung Österreichs aus einer neuen und persönlichen Perspektive.
„Ich befasse mich schon seit mehr als 10 Jahren mit Reorganisationsfragen der bäuerlichen Sozialversicherung und bin immer der Meinung gewesen, dass es nur eine Sozialversicherungsanstalt für die Bauern geben soll. Diese Meinung vertrat ich schon vor der Schaffung der Bauernkrankenkasse und nicht erst, wie mir oft vorgeworfen wird, nach deren Gründung.“
1974 wurde die Sozialversicherungsanstalt der Bauern in Österreich Realität und Johann Haider wurde ihr erster Obmann.
</marc:subfield>
   </marc:datafield>
   <marc:datafield ind1=" " ind2=" " tag="020">
      <marc:subfield code="a">9783840485367</marc:subfield>
      <marc:subfield code="9">9783840485367</marc:subfield>
   </marc:datafield>
   <marc:datafield ind1=" " ind2=" " tag="020">
      <marc:subfield code="a">3840485363</marc:subfield>
      <marc:subfield code="9">3840485363</marc:subfield>
   </marc:datafield>
   <marc:datafield ind1=" " ind2=" " tag="300">
      <marc:subfield code="a">560 Seiten</marc:subfield>
   </marc:datafield>
</marc:record>
